[Event "Ostrava op-A"]
[Site "Ostrava"]
[Date "2003.05.09"]
[Round "8"]
[White "Vesselovsky, Serguei"]
[Black "Twardowski, Lukasz"]
[Result "1/2-1/2"]
[WhiteElo "2435"]
[BlackElo "2329"]
[PlyCount "23"]
[EventDate "2003.05.03"]
[EventType "swiss"]
[EventRounds "10"]
[EventCountry "CZE"]
[SourceTitle "EXT 2006"]
[Source "ChessBase"]
[SourceDate "2005.11.24"]
[SourceVersion "1"]
[SourceVersionDate "2005.11.24"]
[SourceQuality "1"]

1. e4 e5 2. Nf3 Nf6 3. Nxe5 d6 4. Nf3 Nxe4 5. d4 Be7 6. Bd3 Nf6 7. h3 0-0 8. 0-0 c5 9. Nc3 b6 10. Re1 Bb7 11. Bf4 Nc6 12. dxc5 1/2-1/2

[Event "Ostrava op-A"]
[Site "Ostrava"]
[Date "2003.05.07"]
[Round "6"]
[White "Twardowski, Lukasz"]
[Black "Cech, Pavel"]
[Result "0-1"]
[WhiteElo "2329"]
[BlackElo "2312"]
[PlyCount "82"]
[EventDate "2003.05.03"]
[EventType "swiss"]
[EventRounds "10"]
[EventCountry "CZE"]
[SourceTitle "EXT 2006"]
[Source "ChessBase"]
[SourceDate "2005.11.24"]
[SourceVersion "1"]
[SourceVersionDate "2005.11.24"]
[SourceQuality "1"]

1. Nf3 d5 2. e3 Nf6 3. c4 c6 4. b3 Bg4 5. Bb2 e6 6. h3 Bh5 7. Be2 Nbd7 8. d3 h6 9. Nbd2 Bd6 10. a3 0-0 11. 0-0 Qe7 12. Re1 Rfd8 13. Qc2 Bg6 14. Bf1 Bh7 15. e4 dxe4 16. dxe4 a5 17. Qc3 e5 18. Nh4 Nc5 19. Nf5 Qe6 20. Nxd6 Rxd6 21. Qe3 Rxd2 22. Qxd2 Nxb3 23. Qc2 Nxa1 24. Bxa1 Nd7 25. c5 Qe7 26. Rc1 a4 27. Qb2 Nxc5 28. Qb4 b6 29. Qxb6 Nb3 30. Qxc6 Rd8 31. Re1 Nxa1 32. Rxa1 Rd4 33. f3 Bg6 34. Rb1 Kh7 35. Rb8 f6 36. Bc4 Rxc4 37. Qa8 Bf7 38. Rh8+ Kg6 39. h4 Qc5+ 40. Kh2 Rc1 41. Qb7 Qg1+ 0-1

[Event "Ostrava op-A"]
[Site "Ostrava"]
[Date "2003.05.06"]
[Round "5"]
[White "Firt, Stanislav"]
[Black "Twardowski, Lukasz"]
[Result "1/2-1/2"]
[WhiteElo "2344"]
[BlackElo "2329"]
[PlyCount "33"]
[EventDate "2003.05.03"]
[EventType "swiss"]
[EventRounds "10"]
[EventCountry "CZE"]
[SourceTitle "EXT 2006"]
[Source "ChessBase"]
[SourceDate "2005.11.24"]
[SourceVersion "1"]
[SourceVersionDate "2005.11.24"]
[SourceQuality "1"]

1. e4 e5 2. Nf3 Nf6 3. d4 Nxe4 4. Bd3 Nc6 5. Bxe4 d5 6. Bxh7 Rxh7 7. dxe5 Bg4 8. Bf4 Qd7 9. 0-0 0-0-0 10. Nbd2 Be7 11. Re1 Nd4 12. c3 Nxf3+ 13. Nxf3 Qf5 14. Bg3 Bxf3 15. Qxf3 Qxf3 16. gxf3 Kd7 17. Rad1 1/2-1/2

[Event "Ostrava op-A"]
[Site "Ostrava"]
[Date "2003.05.04"]
[Round "2"]
[White "Twardowski, Lukasz"]
[Black "Didi, Jan"]
[Result "1-0"]
[WhiteElo "2329"]
[BlackElo "2128"]
[PlyCount "123"]
[EventDate "2003.05.03"]
[EventType "swiss"]
[EventRounds "10"]
[EventCountry "CZE"]
[SourceTitle "EXT 2006"]
[Source "ChessBase"]
[SourceDate "2005.11.24"]
[SourceVersion "1"]
[SourceVersionDate "2005.11.24"]
[SourceQuality "1"]

1. Nf3 Nf6 2. d4 d5 3. c4 e6 4. Nc3 Be7 5. Bg5 0-0 6. e3 Nbd7 7. Rc1 c6 8. Bd3 dxc4 9. Bxc4 Nd5 10. Bxe7 Qxe7 11. Ne4 f5 12. Ned2 N7f6 13. 0-0 Bd7 14. Re1 Be8 15. Ne5 Bh5 16. Qb3 Ne4 17. Nxe4 fxe4 18. Qc2 Nf6 19. a3 Rae8 20. Bf1 Qd6 21. h3 Rc8 22. g4 Bg6 23. Bg2 Qd5 24. g5 Nd7 25. Nxg6 hxg6 26. Qxe4 Qxe4 27. Bxe4 Kf7 28. Red1 Nb6 29. Rd3 Nd5 30. Rb3 Rc7 31. Kg2 Rh8 32. Bf3 Rd7 33. Bg4 Nb6 34. Rc5 Rd5 35. Bf3 Rd7 36. a4 Nd5 37. Kg3 Ne7 38. Bg4 Nf5+ 39. Bxf5 gxf5 40. Rbc3 a6 41. b4 Ra8 42. h4 g6 43. b5 axb5 44. axb5 cxb5 45. Rxb5 Ra1 46. Rcb3 Ra7 47. Rb6 Rc7 48. R3b5 Re7 49. Kf4 Kg7 50. Kg3 Kf7 51. d5 Ra4 52. dxe6+ Rxe6 53. Rxb7+ Re7 54. Rxe7+ Kxe7 55. Rb7+ Ke6 56. f3 Ra6 57. Rg7 Ke5 58. Re7+ Kd6 59. Re8 Rb6 60. h5 gxh5 61. Kf4 Rb5 62. g6 1-0

[Event "Ostrava op-A"]
[Site "Ostrava"]
[Date "2003.05.03"]
[Round "1"]
[White "Gutdeutsch, Otto"]
[Black "Twardowski, Lukasz"]
[Result "0-1"]
[WhiteElo "2041"]
[BlackElo "2329"]
[PlyCount "82"]
[EventDate "2003.05.03"]
[EventType "swiss"]
[EventRounds "10"]
[EventCountry "CZE"]
[SourceTitle "EXT 2006"]
[Source "ChessBase"]
[SourceDate "2005.11.24"]
[SourceVersion "1"]
[SourceVersionDate "2005.11.24"]
[SourceQuality "1"]

1. e4 e5 2. Bc4 Nf6 3. Nf3 Nxe4 4. 0-0 d5 5. Re1 Be7 6. Nxe5 0-0 7. d4 Nxf2 8. Qe2 Nh3+ 9. gxh3 dxc4 10. Nf3 Nc6 11. Qe4 Bf6 12. c3 Be6 13. Bf4 Bd5 14. Qe2 Qd7 15. Nbd2 Rae8 16. Qf1 Bd8 17. Nxc4 Qf5 18. Nfe5 Nxe5 19. Nxe5 f6 20. Ng4 Qg6 21. Bg3 h5 22. Ne3 Rxe3 23. Rxe3 h4 24. c4 Bf7 25. Qg2 hxg3 26. Rxg3 Qh6 27. Qxb7 Bxc4 28. Qg2 f5 29. Rg6 Qe3+ 30. Qf2 Qxf2+ 31. Kxf2 Bf6 32. Rxf6 Rxf6 33. Rc1 Rc6 34. Kg3 Kf7 35. Re1 Kf6 36. Re5 Rd6 37. Rc5 Rxd4 38. b3 Bd5 39. Ra5 Rd2 40. Rxa7 g5 41. h4 Rg2+ 0-1

[Event "MK Cafe Cup-B"]
[Site "Koszalin"]
[Date "1998.??.??"]
[Round "10"]
[White "Babula, Milan"]
[Black "Twardowski, Lukasz"]
[Result "1/2-1/2"]
[WhiteElo "2325"]
[BlackElo "2255"]
[PlyCount "90"]
[EventDate "1998.08.??"]
[EventType "swiss"]
[EventRounds "10"]
[EventCountry "POL"]
[SourceTitle "EXT 1999"]
[Source "ChessBase"]
[SourceDate "1998.11.16"]
[SourceVersion "1"]
[SourceVersionDate "1998.11.16"]
[SourceQuality "1"]

1. e4 c6 2. d4 d5 3. Nd2 dxe4 4. Nxe4 Nf6 5. Nxf6+ gxf6 6. Qd3 Bg4 7. Ne2 Nd7 8. h3 Bxe2 9. Bxe2 Qc7 10. Be3 e6 11. 0-0-0 0-0-0 12. Kb1 Kb8 13. c4 Ka8 14. Qc2 Bd6 15. Bh5 Nb8 16. Rhe1 Na6 17. g3 Rd7 18. a3 f5 19. Bg5 Be7 20. Bxe7 Rxe7 21. d5 cxd5 22. cxd5 Qxc2+ 23. Kxc2 Rc8+ 24. Kb1 Rd8 25. dxe6 Rxd1+ 26. Rxd1 fxe6 27. Rd8+ Nb8 28. Be8 a5 29. b4 axb4 30. axb4 b6 31. Bc6+ Ka7 32. b5 Nxc6 33. bxc6 Rc7 34. Rd6 e5 35. Re6 e4 36. Rf6 Ka6 37. Kb2 Kb5 38. Rxf5+ Kxc6 39. Rf4 Kd5 40. Rf6 Ke5 41. Rxb6 Rf7 42. Kc3 Rxf2 43. Rb5+ Kf6 44. Kd4 Rf3 45. Rb6+ Kg7 1/2-1/2

[Event "Ostrava op"]
[Site "Ostrava"]
[Date "1998.??.??"]
[Round "?"]
[White "Klima, Lukas"]
[Black "Twardowski, Lukasz"]
[Result "0-1"]
[WhiteElo "2255"]
[BlackElo "2375"]
[PlyCount "76"]
[EventDate "1998.??.??"]
[EventType "swiss"]
[EventRounds "10"]
[EventCountry "CZE"]
[SourceTitle "EXT 2006"]
[Source "ChessBase"]
[SourceDate "2005.11.24"]
[SourceVersion "1"]
[SourceVersionDate "2005.11.24"]
[SourceQuality "1"]

1. Nf3 d5 2. d4 e6 3. c4 dxc4 4. e3 c5 5. Bxc4 Nf6 6. Nc3 a6 7. 0-0 b5 8. Bb3 Bb7 9. e4 cxd4 10. Nxd4 Nc6 11. Be3 Nxd4 12. Bxd4 Be7 13. Re1 0-0 14. e5 Nd7 15. Qg4 Nc5 16. Bc2 Rc8 17. Be3 g6 18. Bh6 Re8 19. a3 Nd7 20. Rac1 Rc4 21. Qg3 Rh4 22. Bf4 Rxf4 23. Qxf4 Bg5 24. Qg3 Bxc1 25. Rxc1 Qc7 26. Re1 Rd8 27. Qg5 Nb6 28. Be4 h6 29. Qg3 Na4 30. Nxa4 bxa4 31. h3 Bxe4 32. Rxe4 Qc1+ 33. Kh2 Qxb2 34. Rxa4 Rd2 35. f4 Rd1 36. Rxa6 Qc1 37. Qf2 Rf1 38. Qd4 Qe1 0-1

[Event "Ostrava op"]
[Site "Ostrava"]
[Date "1998.??.??"]
[Round "?"]
[White "Twardowski, Lukasz"]
[Black "Kolar, Stanislav"]
[Result "1-0"]
[WhiteElo "2375"]
[BlackElo "2145"]
[PlyCount "81"]
[EventDate "1998.??.??"]
[EventType "swiss"]
[EventRounds "10"]
[EventCountry "CZE"]
[SourceTitle "EXT 2006"]
[Source "ChessBase"]
[SourceDate "2005.11.24"]
[SourceVersion "1"]
[SourceVersionDate "2005.11.24"]
[SourceQuality "1"]

1. d4 Nf6 2. c4 e6 3. Nc3 Bb4 4. e3 b6 5. Nge2 Bb7 6. a3 Be7 7. Ng3 0-0 8. e4 d6 9. Be2 c5 10. d5 Nbd7 11. 0-0 Re8 12. Bd2 a6 13. a4 Bf8 14. Qc2 g6 15. a5 h5 16. axb6 h4 17. Nh1 exd5 18. exd5 Nxb6 19. f3 Nh5 20. g4 hxg3 21. hxg3 Bg7 22. Rae1 Bc8 23. Kg2 Bd4 24. Bd3 Rxe1 25. Rxe1 Kg7 26. Ne2 Nd7 27. Nxd4 cxd4 28. Nf2 Ne5 29. f4 Ng4 30. Nxg4 Bxg4 31. b4 Qh8 32. Bc1 Nxf4+ 33. Bxf4 Qh3+ 34. Kg1 Rh8 35. Qg2 Qh5 36. Kf2 Bh3 37. Rh1 Qg4 38. Qe4 Qd7 39. Qxd4+ f6 40. Be3 Re8 41. Qa7 1-0

[Event "Ostrava op"]
[Site "Ostrava"]
[Date "1998.??.??"]
[Round "?"]
[White "Twardowski, Lukasz"]
[Black "Rehak, Pavel"]
[Result "1/2-1/2"]
[WhiteElo "2375"]
[BlackElo "2135"]
[PlyCount "114"]
[EventDate "1998.??.??"]
[EventType "swiss"]
[EventRounds "10"]
[EventCountry "CZE"]
[SourceTitle "EXT 2006"]
[Source "ChessBase"]
[SourceDate "2005.11.24"]
[SourceVersion "1"]
[SourceVersionDate "2005.11.24"]
[SourceQuality "1"]

1. d4 d5 2. c4 e6 3. Nf3 Nf6 4. Nc3 c6 5. e3 Nbd7 6. Be2 Bd6 7. 0-0 0-0 8. Qc2 e5 9. cxd5 cxd5 10. Nb5 Bb8 11. dxe5 Nxe5 12. b3 Bg4 13. Nxe5 Bxe5 14. Bb2 Bxb2 15. Qxb2 Bxe2 16. Qxe2 a6 17. Nd4 Qd7 18. Rac1 Rac8 19. h3 Rxc1 20. Rxc1 Rc8 21. Qb2 Rxc1+ 22. Qxc1 Ne4 23. f3 Ng5 24. Qc3 g6 25. Kf2 Ne6 26. Nxe6 Qxe6 27. Qc2 Qc6 28. Qxc6 bxc6 29. b4 Kf8 30. Ke2 Ke7 31. Kd3 Kd6 32. Kd4 f6 33. g3 h5 34. g4 h4 35. a3 f5 36. gxf5 gxf5 37. e4 dxe4 38. fxe4 fxe4 39. Kxe4 c5 40. bxc5+ Kxc5 41. Kf4 Kd4 42. Kg4 Ke4 43. Kxh4 Kf4 44. a4 a5 45. Kh5 Kf5 46. h4 Kf6 47. Kh6 Kf5 48. h5 Kf6 49. Kh7 Kf7 50. h6 Kf8 51. Kg6 Kg8 52. Kf6 Kh7 53. Ke6 Kxh6 54. Kd6 Kg7 55. Kc6 Kf8 56. Kb6 Ke7 57. Kxa5 Kd8 1/2-1/2

[Event "Ostrava op"]
[Site "Ostrava"]
[Date "1998.??.??"]
[Round "?"]
[White "Twardowski, Lukasz"]
[Black "Velicka, Petr"]
[Result "1-0"]
[WhiteElo "2375"]
[BlackElo "2430"]
[PlyCount "91"]
[EventDate "1998.??.??"]
[EventType "swiss"]
[EventRounds "10"]
[EventCountry "CZE"]
[SourceTitle "EXT 2006"]
[Source "ChessBase"]
[SourceDate "2005.11.24"]
[SourceVersion "1"]
[SourceVersionDate "2005.11.24"]
[SourceQuality "1"]

1. d4 Nf6 2. c4 Nc6 3. Nf3 e6 4. Nc3 Bb4 5. Bd2 0-0 6. e3 Bxc3 7. Bxc3 Ne4 8. Qc2 Nxc3 9. Qxc3 d6 10. Be2 Qe7 11. 0-0 e5 12. Rae1 a5 13. d5 Nb8 14. Nd2 Nd7 15. f4 exf4 16. exf4 Qf6 17. Ne4 Qxc3 18. Nxc3 Nc5 19. Kf2 Bd7 20. Ke3 Rfe8+ 21. Kd2 Re7 22. Bd1 Rae8 23. Bc2 f6 24. Rxe7 Rxe7 25. Re1 Rxe1 26. Kxe1 g5 27. Kf2 h6 28. Ke3 Kg7 29. g3 b6 30. b3 Kf7 31. a3 Ke7 32. Kd4 Bg4 33. Nb5 Kd8 34. Kc3 Bd7 35. Nd4 Ke7 36. b4 axb4+ 37. axb4 Na6 38. Bf5 Be8 39. Nc6+ Bxc6 40. dxc6 d5 41. cxd5 gxf4 42. gxf4 Kd6 43. Bd3 Nxb4 44. Kxb4 Kxd5 45. Kb5 Kd4 46. Bb1 1-0

[Event "POL-ch U18"]
[Site "Sopot"]
[Date "1997.??.??"]
[Round "?"]
[White "Dobrowolski, Aleksander"]
[Black "Twardowski, Lukasz"]
[Result "0-1"]
[WhiteElo "2070"]
[BlackElo "2230"]
[PlyCount "75"]
[EventDate "1997.??.??"]
[EventType "swiss"]
[EventRounds "10"]
[EventCountry "POL"]
[SourceTitle "EXT 2003"]
[Source "ChessBase"]
[SourceDate "2002.11.25"]
[SourceVersion "1"]
[SourceVersionDate "2002.11.25"]
[SourceQuality "1"]

1. e4 c6 2. d4 d5 3. exd5 cxd5 4. c4 Nf6 5. Nc3 g6 6. Qb3 Bg7 7. cxd5 0-0 8. Be2 Nbd7 9. Bf3 Nb6 10. Nge2 Bg4 11. Bxg4 Nxg4 12. a4 Nf6 13. a5 Nbxd5 14. Qxb7 Qd6 15. Qb3 Rab8 16. Qd1 Rfd8 17. 0-0 Rb4 18. Re1 e6 19. Qd3 Qb8 20. Qg3 Qa8 21. Ra3 Ne7 22. Na2 Nf5 23. Qf3 Qxf3 24. Rxf3 Ra4 25. Nac3 Rxa5 26. Bg5 Nxd4 27. Nxd4 Rxg5 28. Nc6 Rd7 29. Ra1 Rc5 30. Nxa7 Nd5 31. Nab5 Nxc3 32. Nxc3 Rb7 33. Ra6 Be5 34. Ra2 Bd6 35. g3 Rc4 36. Na4 Rcb4 37. Rd3 Be5 38. Rd2 0-1

[Event "Poznan Pocztowiec-ch"]
[Site "Poznan"]
[Date "1997.??.??"]
[Round "2"]
[White "Stempin, Pawel"]
[Black "Twardowski, Lukasz"]
[Result "1/2-1/2"]
[WhiteElo "2425"]
[BlackElo "2370"]
[PlyCount "49"]
[EventDate "1997.??.??"]
[EventType "tourn"]
[EventRounds "9"]
[EventCountry "POL"]
[EventCategory "3"]
[SourceTitle "EXT 2006"]
[Source "ChessBase"]
[SourceDate "2005.11.24"]
[SourceVersion "1"]
[SourceVersionDate "2005.11.24"]
[SourceQuality "1"]

1. d4 d5 2. Nf3 e6 3. c4 dxc4 4. e3 c5 5. Bxc4 a6 6. 0-0 Nf6 7. Bd3 b6 8. dxc5 Bxc5 9. a3 Bb7 10. b4 Be7 11. Bb2 Nbd7 12. Nbd2 Qb8 13. Rc1 0-0 14. Qe2 Rc8 15. Rxc8+ Qxc8 16. Rc1 Qd8 17. e4 Rc8 18. Nc4 b5 19. Na5 Rxc1+ 20. Bxc1 Ba8 21. Nb3 Qc7 22. Bb2 Nb6 23. Be5 Qc8 24. Nfd2 Nfd7 25. Ba1 1/2-1/2

[Event "POL-ch U18"]
[Site "Sopot"]
[Date "1997.??.??"]
[Round "?"]
[White "Twardowski, Lukasz"]
[Black "Jedryczka, Krystian"]
[Result "1-0"]
[WhiteElo "2230"]
[BlackElo "2165"]
[PlyCount "97"]
[EventDate "1997.??.??"]
[EventType "swiss"]
[EventRounds "10"]
[EventCountry "POL"]
[SourceTitle "EXT 2003"]
[Source "ChessBase"]
[SourceDate "2002.11.25"]
[SourceVersion "1"]
[SourceVersionDate "2002.11.25"]
[SourceQuality "1"]

1. Nc3 e5 2. Nf3 Nc6 3. d4 exd4 4. Nxd4 Nf6 5. Bg5 Bc5 6. e3 h6 7. Bh4 g5 8. Bg3 d6 9. Nb3 Bb4 10. Qd3 Qe7 11. a3 Bxc3+ 12. Qxc3 Bd7 13. 0-0-0 0-0-0 14. f3 Nh5 15. Bf2 f5 16. Nd4 Kb8 17. Bd3 Rhf8 18. Rhe1 Ne5 19. Bf1 Nf6 20. Nb5 Nc6 21. Bg3 Bc8 22. Nd4 Ne5 23. Qa5 c6 24. f4 Neg4 25. fxg5 Ne4 26. gxh6 Nxg3 27. hxg3 Nf2 28. Rd2 Ne4 29. Rd3 Ka8 30. b4 Qe5 31. Qxe5 dxe5 32. Nf3 Rde8 33. b5 Nxg3 34. Rd6 Ne4 35. Rg6 Rf6 36. Rxf6 Nxf6 37. bxc6 bxc6 38. Bc4 e4 39. Nd4 Rh8 40. Rh1 Ng4 41. h7 Nxe3 42. Bg8 Kb7 43. g3 Ng4 44. Ne6 Bxe6 45. Bxe6 Nf6 46. Bxf5 e3 47. Kd1 Kc7 48. Ke2 Kd6 49. Kxe3 1-0

[Event "POL-ch U18"]
[Site "Sopot"]
[Date "1997.??.??"]
[Round "?"]
[White "Zakonnik, Andrzej"]
[Black "Twardowski, Lukasz"]
[Result "1/2-1/2"]
[WhiteElo "2085"]
[BlackElo "2230"]
[PlyCount "74"]
[EventDate "1997.??.??"]
[EventType "swiss"]
[EventRounds "10"]
[EventCountry "POL"]
[SourceTitle "EXT 2003"]
[Source "ChessBase"]
[SourceDate "2002.11.25"]
[SourceVersion "1"]
[SourceVersionDate "2002.11.25"]
[SourceQuality "1"]

1. e4 c5 2. c3 Nf6 3. e5 Nd5 4. d4 cxd4 5. Nf3 e6 6. cxd4 Nc6 7. Bd3 Qb6 8. Be4 Bb4+ 9. Kf1 d6 10. g3 dxe5 11. dxe5 Bc5 12. Qe2 Nce7 13. Nbd2 Bd7 14. Nc4 Qc7 15. Kg2 Bc6 16. Bd2 Ng6 17. h4 Nb6 18. Rac1 Rd8 19. b4 Nxc4 20. Qxc4 Bb6 21. Bxc6+ bxc6 22. Bg5 Rc8 23. Qe4 h6 24. h5 Nf8 25. Bf4 Nd7 26. Nd2 0-0 27. Nc4 c5 28. Nd6 Qc6 29. Rhd1 Qxe4+ 30. Nxe4 Rc7 31. Nd6 a6 32. a3 cxb4 33. axb4 Rxc1 34. Rxc1 Bd4 35. Rc6 Ra8 36. Nc4 Rb8 37. Rd6 Rb5 1/2-1/2

[Event "POL-chT U18"]
[Site "Poland"]
[Date "1996.??.??"]
[Round "?"]
[White "Jakubowski, Tomasz"]
[Black "Twardowski, Lukasz"]
[Result "1/2-1/2"]
[WhiteElo "2205"]
[BlackElo "2265"]
[PlyCount "102"]
[EventDate "1996.??.??"]
[EventType "team"]
[EventRounds "11"]
[EventCountry "POL"]
[SourceTitle "EXT 1999"]
[Source "ChessBase"]
[SourceDate "1998.11.16"]
[SourceVersion "1"]
[SourceVersionDate "1998.11.16"]
[SourceQuality "1"]

1. e4 c6 2. d4 d5 3. exd5 cxd5 4. c4 Nf6 5. Nc3 g6 6. Qb3 Bg7 7. cxd5 0-0 8. Bc4 Nbd7 9. Nf3 Nb6 10. 0-0 Bf5 11. Re1 Rc8 12. Bf1 Re8 13. Bg5 Nfxd5 14. Nxd5 Qxd5 15. Bb5 Red8 16. Bxe7 Qxb3 17. axb3 Rd5 18. Bf1 Bg4 19. Rxa7 Bxf3 20. gxf3 Bxd4 21. Rxb7 Rc2 22. Re2 Rxe2 23. Bxe2 Kg7 24. Bb4 Rg5+ 25. Kf1 Nd5 26. Bd2 Rf5 27. Bc4 Bxb2 28. Rb5 Ne7 29. Rxf5 Nxf5 30. b4 Nd6 31. Bd5 Kf6 32. f4 Nb5 33. Be3 Nd4 34. Bc4 Ke7 35. b5 Kd6 36. b6 Nf5 37. Bc5+ Kc6 38. Bd5+ Kxc5 39. b7 Kxd5 40. b8Q Bg7 41. Qe8 Nd6 42. Qe7 Bh6 43. Qf6 Bf8 44. Ke2 Kc6 45. f5 Kd7 46. Qh8 Ke8 47. f6 h5 48. Kd3 Nf5 49. f4 Nd6 50. Kd4 Nf5+ 51. Ke5 Nh4 1/2-1/2

[Event "POL-chT U18"]
[Site "Poland"]
[Date "1996.??.??"]
[Round "?"]
[White "Twardowski, Lukasz"]
[Black "Heise, Marek"]
[Result "1-0"]
[WhiteElo "2265"]
[BlackElo "2090"]
[PlyCount "71"]
[EventDate "1996.??.??"]
[EventType "team"]
[EventRounds "11"]
[EventCountry "POL"]
[SourceTitle "EXT 1999"]
[Source "ChessBase"]
[SourceDate "1998.11.16"]
[SourceVersion "1"]
[SourceVersionDate "1998.11.16"]
[SourceQuality "1"]

1. d4 Nf6 2. Nc3 d5 3. Bg5 g6 4. Bxf6 exf6 5. e3 Bg7 6. h4 Be6 7. h5 f5 8. hxg6 fxg6 9. Nh3 c6 10. Nf4 Bf7 11. g4 fxg4 12. Qxg4 Qd7 13. Qg3 Qe7 14. 0-0-0 Nd7 15. Bh3 Nf6 16. Rh2 a5 17. Nd3 Ne4 18. Nxe4 dxe4 19. Ne5 Bxe5 20. Qxe5 Qxe5 21. dxe5 Rd8 22. Rd4 Rxd4 23. exd4 Ke7 24. Bg2 Bd5 25. b3 b5 26. Kd2 Ke6 27. Ke3 Kf5 28. c4 bxc4 29. bxc4 Bxc4 30. Bxe4+ Ke6 31. Bxg6 Bxa2 32. f4 hxg6 33. Rxh8 a4 34. Ra8 Bb3 35. Ra5 Kf5 36. Ra6 1-0

[Event "POL-chT U18"]
[Site "Poland"]
[Date "1996.??.??"]
[Round "?"]
[White "Twardowski, Lukasz"]
[Black "Panas, Pawel"]
[Result "1/2-1/2"]
[WhiteElo "2265"]
[BlackElo "2215"]
[PlyCount "79"]
[EventDate "1996.??.??"]
[EventType "team"]
[EventRounds "11"]
[EventCountry "POL"]
[SourceTitle "EXT 1999"]
[Source "ChessBase"]
[SourceDate "1998.11.16"]
[SourceVersion "1"]
[SourceVersionDate "1998.11.16"]
[SourceQuality "1"]

1. Nc3 g6 2. d4 Bg7 3. e4 d6 4. Bc4 c6 5. Nf3 Nf6 6. e5 dxe5 7. Nxe5 0-0 8. 0-0 Nbd7 9. Bg5 Qc7 10. Re1 e6 11. Nxd7 Bxd7 12. Qf3 Nd5 13. Ne4 h6 14. Bxd5 cxd5 15. Nf6+ Bxf6 16. Bxf6 Qxc2 17. g4 Rac8 18. Re2 Qc4 19. Re3 e5 20. Rxe5 Qxd4 21. Rh5 Qxf6 22. Qxf6 gxh5 23. Qxh6 Bxg4 24. Qg5+ Kh7 25. Qe3 Rce8 26. Qd3+ Kh8 27. h3 Be6 28. Kh2 Rg8 29. Qd4+ Kh7 30. Re1 Rg5 31. f4 Rf5 32. Rg1 Rg8 33. Rxg8 Kxg8 34. Qxa7 Kh7 35. Qd4 Kg6 36. b4 Bd7 37. b5 Bxb5 38. Qg1+ Kf6 39. Qd4+ Kg6 40. Qg1+ 1/2-1/2

[Event "Poznan op"]
[Site "Poznan"]
[Date "1996.??.??"]
[Round "4"]
[White "Uryga, Jacek"]
[Black "Twardowski, Lukasz"]
[Result "0-1"]
[WhiteElo "1800"]
[BlackElo "2380"]
[PlyCount "86"]
[EventDate "1996.??.??"]
[EventType "swiss"]
[EventRounds "9"]
[EventCountry "POL"]
[SourceTitle "EXT 2006"]
[Source "ChessBase"]
[SourceDate "2005.11.24"]
[SourceVersion "1"]
[SourceVersionDate "2005.11.24"]
[SourceQuality "1"]

1. c4 c5 2. Nc3 Nc6 3. g3 g6 4. Bg2 Bg7 5. Nf3 e5 6. d3 Nge7 7. 0-0 0-0 8. Rb1 Rb8 9. a3 a6 10. b4 cxb4 11. axb4 b5 12. cxb5 axb5 13. Ne1 d5 14. Bd2 Be6 15. e4 dxe4 16. dxe4 Bc4 17. Ne2 Nd4 18. Bf3 Nxf3+ 19. Nxf3 Qd3 20. Nc3 Qxf1+ 21. Qxf1 Bxf1 22. Kxf1 Rfc8 23. Rc1 f6 24. Be3 Bf8 25. Bc5 Kf7 26. Ne1 Nc6 27. Bxf8 Kxf8 28. Nd5 Kf7 29. Nd3 Ne7 30. Nc5 Nxd5 31. exd5 Rd8 32. Na6 Rbc8 33. Rc7+ Rxc7 34. Nxc7 Rd7 35. Nxb5 Rxd5 36. Na7 Rd7 37. Nc6 Kg7 38. f4 exf4 39. gxf4 Rb7 40. Kf2 Rb6 41. b5 Rxb5 42. Kg3 Rb3+ 43. Kg4 h5+ 0-1

[Event "Katowice op"]
[Site "Katowice"]
[Date "1995.??.??"]
[Round "7"]
[White "Dubiel, Jacek"]
[Black "Twardowski, Lukasz"]
[Result "1-0"]
[WhiteElo "2370"]
[BlackElo "2235"]
[PlyCount "45"]
[EventDate "1995.??.??"]
[EventType "swiss"]
[EventRounds "9"]
[EventCountry "POL"]
[SourceTitle "EXT 2000"]
[Source "ChessBase"]
[SourceDate "1999.11.16"]
[SourceVersion "1"]
[SourceVersionDate "1999.11.16"]
[SourceQuality "1"]

1. e4 c5 2. Nf3 Nf6 3. e5 Nd5 4. Nc3 e6 5. Nxd5 exd5 6. d4 Nc6 7. dxc5 Bxc5 8. Qxd5 Qb6 9. Bc4 Bxf2+ 10. Ke2 0-0 11. Rf1 Bc5 12. Ng5 Nd4+ 13. Kd1 Ne6 14. Ne4 d6 15. exd6 Rd8 16. Bd3 Bxd6 17. Nxd6 Qxd6 18. Qf5 Qxh2 19. Qxf7+ Kh8 20. Bg5 Rg8 21. Be3 Qxg2 22. Kc1 g6 23. Bd4+ 1-0

[Event "Krynica op"]
[Site "Krynica"]
[Date "1995.??.??"]
[Round "7"]
[White "Twardowski, Lukasz"]
[Black "Adamski, Jan"]
[Result "1-0"]
[WhiteElo "2235"]
[BlackElo "2390"]
[PlyCount "68"]
[EventDate "1995.??.??"]
[EventType "swiss"]
[EventRounds "9"]
[EventCountry "POL"]
[SourceTitle "EXT 2004"]
[Source "ChessBase"]
[SourceDate "2003.11.25"]
[SourceVersion "1"]
[SourceVersionDate "2003.11.25"]
[SourceQuality "1"]

1. c4 e5 2. Nc3 Bb4 3. Nd5 Bd6 4. d3 c6 5. Nc3 Nf6 6. g3 0-0 7. Bg2 Bb4 8. Bd2 d5 9. cxd5 cxd5 10. Nf3 Nc6 11. 0-0 d4 12. Nb1 Be7 13. Bg5 Be6 14. Nbd2 Nd7 15. Bxe7 Qxe7 16. b3 f6 17. Nc4 Rac8 18. a4 b6 19. Nfd2 Nc5 20. Ne4 Nxe4 21. Bxe4 Nb4 22. Bg2 Rfd8 23. Qd2 Nd5 24. Kh1 a6 25. Kg1 Rc6 26. Rfc1 Rdc8 27. Bxd5 Bxd5 28. Nxb6 Rxc1+ 29. Rxc1 Rxc1+ 30. Qxc1 Bxb3 31. Qc8+ Kf7 32. Qxa6 Be6 33. a5 Kg6 34. Nc4 Bh3 1-0

[Event "EU-ch U16"]
[Site "Zagan"]
[Date "1995.??.??"]
[Round "11"]
[White "Twardowski, Lukasz"]
[Black "Antoniewski, Rafal"]
[Result "0-1"]
[WhiteElo "2265"]
[BlackElo "2250"]
[PlyCount "160"]
[EventDate "1995.??.??"]
[EventType "swiss"]
[EventRounds "11"]
[EventCountry "POL"]
[SourceTitle "EXT 1997"]
[Source "ChessBase"]
[SourceDate "1996.11.15"]
[SourceVersion "1"]
[SourceVersionDate "1996.11.15"]
[SourceQuality "1"]

1. c3 d5 2. d4 Nf6 3. Nf3 e6 4. Bg5 c5 5. e3 Nc6 6. Nbd2 Be7 7. Bd3 0-0 8. Ne5 Nd7 9. Qh5 f5 10. Nxd7 Bxd7 11. Nf3 h6 12. Bxe7 Qxe7 13. Ne5 Nxe5 14. dxe5 Be8 15. Qe2 c4 16. Bc2 Bc6 17. f4 b5 18. 0-0 a5 19. g4 g6 20. gxf5 gxf5 21. Qh5 Kh7 22. Kf2 Qf7 23. Qh4 Rg8 24. Rg1 Rxg1 25. Rxg1 b4 26. Bd1 Be8 27. Qg3 Qf8 28. Qh4 bxc3 29. bxc3 Rb8 30. Bh5 Rb2+ 31. Kf3 d4 32. Bxe8 Qxe8 33. cxd4 Qa8+ 34. d5 Qxd5+ 35. Kg3 Qd7 36. Qf6 Qe8 37. Kh4 Rxh2+ 38. Kg3 Rd2 39. Kh4 Rd7 40. e4 Qe7 41. exf5 Qxf6+ 42. exf6 exf5 43. Kh5 c3 44. Rg3 Rc7 45. f7 Rxf7 46. Rxc3 Rd7 47. Rc6 Rd2 48. Rc7+ Kg8 49. Kg6 Kf8 50. Kxf5 Rxa2 51. Ke6 Rb2 52. Kd6 Rb6+ 53. Kd5 Rb5+ 54. Kc4 Rf5 55. Rh7 Rxf4+ 56. Kb3 Rh4 57. Ra7 a4+ 58. Ka3 h5 59. Kb2 Re4 60. Kc3 h4 61. Kd3 Rg4 62. Ke2 Kg8 63. Kf3 Rg3+ 64. Kf2 a3 65. Ra4 Rh3 66. Kg2 Rg3+ 67. Kh2 Rc3 68. Rxh4 Kf7 69. Ra4 Ke6 70. Kg2 Kd5 71. Kf2 Kc5 72. Ke2 Kb5 73. Ra8 Kc4 74. Kd2 Rh3 75. Kc2 Rh2+ 76. Kb1 Kb3 77. Rb8+ Kc3 78. Ra8 Kb3 79. Rb8+ Kc3 80. Ra8 a2+ 0-1